Trồng Dưa leo
Sách giới thiệu kỹ thuật trồng, chăm sóc, phòng trừ sâu hại trên dưa leo
Đã lưu trong:
| Tác giả chính: | |
|---|---|
| Định dạng: | Sách |
| Ngôn ngữ: | Undetermined |
| Được phát hành: |
Tp. HCM
Nông nghiệp
2007
|
| Những chủ đề: | |
| Các nhãn: |
Thêm thẻ
Không có thẻ, Là người đầu tiên thẻ bản ghi này!
|
| Thư viện lưu trữ: | Trung tâm Học liệu Trường Đại học Cần Thơ |
|---|
| LEADER | 00713nam a2200217Ia 4500 | ||
|---|---|---|---|
| 001 | CTU_129177 | ||
| 008 | 210402s9999 xx 000 0 und d | ||
| 020 | |c 4000 | ||
| 082 | |a 635.63 | ||
| 082 | |b H513 | ||
| 100 | |a Nguyễn, Mạnh Hùng | ||
| 245 | 0 | |a Trồng Dưa leo | |
| 245 | 0 | |c Nguyễn Mạnh Hùng, Phạm Anh Cường | |
| 260 | |a Tp. HCM | ||
| 260 | |b Nông nghiệp | ||
| 260 | |c 2007 | ||
| 520 | |a Sách giới thiệu kỹ thuật trồng, chăm sóc, phòng trừ sâu hại trên dưa leo | ||
| 650 | |a plants, effect of pesticides on,cucumber | ||
| 650 | |x diseases and pests | ||
| 904 | |i Năm | ||
| 980 | |a Trung tâm Học liệu Trường Đại học Cần Thơ | ||